000 01489ncm0a2200361 4500
001 RU\NLR\ONIZ\213219
005 20250624205224.0
013 _a979-0-706406-49-7
035 _a(NLR Aleph) 010985999
071 2 0 _aс 2881 к
090 _a10902160
_c10902160
100 _a20151208d2013 |||y0rusy50 ca
101 0 _arus
102 _aRU
125 _aax
200 1 _aПьесы для домры и гитары
_bНоты
_eсост. и перелож. Ю. Ногаревой
210 _aСанкт-Петербург
_cКомпозитор - Санкт-Петербург
_d2013
215 _a24 с.
_d29 см
225 1 _aДМШ
300 _aПарал. рус., англ.
327 1 _a1. Два танца / М. Нойзидлер. 2. Соната / Г. Ф. Гендель. 3-4. Соната; Аллегро / К. Фюрстенау. 5. Соната / Н. Паганини. 6. Юля-вальс / Ф. К. Янель. 7. Ангареска / Д. Бернгарф
606 1 _aПьесы для домры и гитары
_jНоты
_2nlr_sh
686 _aЩ952.631.9-095я43(3)
_vLBC/SL
_2rubbk
702 1 _9z01790
_aНогарева
_bЮ. Л.
_gЮлия Львовна
_4220
_7ca
790 1 _9z01702
_aNogareva
_bYu. L.
_gYulija L`vovna
_4220
_7ba
801 0 _aRU
_bNLR
_c20151208
_gPSBO
801 1 _aRU
_bNLR
_c20151208
_2rusmarc
801 2 _aRU
_bNLR
_c20160221
852 _aNLR
_bМ
_jК-3/27714
_p257642
_t1
942 _cSCORE
980 _aNB
980 _aONIZ